000
00304 a2200157 4500
001
161759
020
_a
040
_c
Magnum
100
_a
Faraco & Moura
240
1
0
_a
Gramatica nova
_l
por
245
1
0
_a
Gramatica nova
362
0
_a
1899
440
1
_a
Ática
697
_a
GRAMATICA
942
_c
BK
999
_c
161759
_d
161759